• 首页
  • 本馆介绍
  • 公告通知
  • 最新文献
  • 馆藏检索
  • 电子资源
  • 读者导购
  • 参考咨询
  • 我的图书馆
  • 登录
  • 详细信息显示
  • 放入我的书架
  • 预约/预借图书
  • 作者相关作品
  • 分类相关作品
  • 丛书相关作品
  • 出版社相关作品

书目信息

  • 表格格式
  • 工作单格式
  • 卡片格式
题名:
中财法律评论
    
 
作者: 缪因知 主编
分册: 第六卷  
出版信息: 北京   知识产权出版社  2014.3
页数: 275页
开本: 21cm
丛书名: 中财法学文库
单 册:
中图分类: D9-53
科图分类:
主题词: 法律--文集 , 法律
电子资源:
ISBN: 978-7-5130-2608-6
000 00997oam2 2200289 450
001 523
005 20140905101659.31
010    @a978-7-5130-2608-6@dCNY26.00
100    @a20140509d2014 em y0chiy50 ea
101 0  @achi
102    @aCN@b110000
105    @ay z 000yy
106    @ar
200 1  @a中财法律评论@AZhong Cai Fa Lu^ Ping Lun@h第六卷@HDi Liu Juan@f缪因知主编@FMiu Yin Zhi Zhu Bian
210    @a北京@c知识产权出版社@d2014.3
215    @a275页@d21cm
225 2  @a中财法学文库
300    @a中央财经大学法学院主办
304    @a英文共同题名:CUFE law review
330    @a本书设有民商研究、公法探索、金融法制、前沿问题、国际视野等栏目,收录了《计算机软件的可专利性》、《通过遗产税实现社会正义的可能性与方式》、《行政机关的经济法立法权研究》等文章。
461  0 @12001 @a中财法学文库
606 0  @a法律@j文集
606 0  @a法律
690    @aD9-53@v5
701  0 @a缪因知@AMiu Yin Zhi@f(1981~)@4主编
801  0 @aCN@bTANGWEI@c20140603
905    @b0841091-93@dD9-53@e479:6@f3
    
    中财法律评论.第六卷/缪因知主编.-北京:知识产权出版社,2014.3
    275页;21cm.-(中财法学文库)
    中央财经大学法学院主办
    
    ISBN 978-7-5130-2608-6:CNY26.00
    本书设有民商研究、公法探索、金融法制、前沿问题、国际视野等栏目,收录了《计算机软件的可专利性》、《通过遗产税实现社会正义的可能性与方式》、《行政机关的经济法立法权研究》等文章。
●
相关链接 在E读中查询图书 在五车中查询图书 在当当中查询图书 在豆瓣中查询图书


正题名:中财法律评论     索取号:D9-53/479:6         预约/预借

序号 登录号 条形码 馆藏地/架位号 状态 备注
1 0841091   208410913   第一样本阅览室/ [索取号:D9-53/479:6] 在馆    
2 0841092   208410922   密集书库-史法系/ [索取号:D9-53/479:6] 在馆    
3 0841093   208410931   第一借阅区/ [索取号:D9-53/479:6] 在馆    
唐山师范学院图书馆 欢迎您!
大连网信软件有限公司© 版权所有